Most Common Origins of Refugees - Statistics

General Stats
  • This quiz has been taken 47 times
  • The average score is 9 of 10
Answers on the Map
Answers color-coded by a green-red scale on the quiz's map according to % correct below.
 
Answer Stats
Answer % Correct
Syria
100%
Afghanistan
98%
Democratic Republic of the Congo
98%
Ukraine
98%
Iraq
96%
South Sudan
93%
Sudan
93%
Venezuela
93%
Myanmar
87%
Somalia
78%
No matching quizzes found
Score Distribution
Percent of People with Each Score
Percentile by Number Answered
Your Score History
You have not taken this quiz